• 首页
  • 本馆介绍
  • 公告通知
  • 最新文献
  • 馆藏检索
  • 电子资源
  • 读者导购
  • 参考咨询
  • 我的图书馆
  • 登录
  • 详细信息显示
  • 放入我的书架
  • 预约/预借图书
  • 作者相关作品
  • 分类相关作品
  • 丛书相关作品
  • 出版社相关作品

书目信息

  • 表格格式
  • 工作单格式
  • 卡片格式
题名:
美和自由的人生
    
 
作者: 段建海 著
分册:  
出版信息: 北京   社会科学文献出版社  2005
页数: 13,239页
开本: 22cm
丛书名:
单 册:
中图分类: B223.54
科图分类:
主题词: 道家
电子资源:
ISBN: 7-80190-708-6
000 00993nam0 2200277 450
001 002970256
005 20061115170228.50
010    @a7-80190-708-6@dCNY23.00
100    @a20050628d2005 em y0chiy0110 ea
101 0  @achi
102    @aCN@b110000
105    @ay z 000yy
200 1  @a美和自由的人生@9mei he zi you de ren sheng@e庄子寓言新解@f段建海著
210    @a北京@c社会科学文献出版社@d2005
215    @a13,239页@d22cm
300    @a西北政法学院学术著作出版基金资助
330    @a本书先综述庄子其人其书及其思想,特别是对寓言文体和意会方法及直觉思维进行了重点论析,然后再分述其批判社会、酷爱自由和人生创造的主体心理动态,把握庄子思想的总体特征。
510 1  @aBeauty and Freedom in Life@eA New Analysis of Zhuangzi Fable@zeng
517 1  @a庄子寓言新解@9zhuang zi yu yan xin jie
605    @a庄子
605    @a庄子@x译文
606 0  @a道家
690    @aB223.54@v4
701  0 @a段建海@9duan jian hai@f(1963~)@4著
801  0 @aCN@bNLC@c20061115
905    @a10447@dB223.54@e270
    
    美和自由的人生:庄子寓言新解/段建海著.-北京:社会科学文献出版社,2005
    13,239页;22cm
    西北政法学院学术著作出版基金资助
    
    ISBN 7-80190-708-6:CNY23.00
    本书先综述庄子其人其书及其思想,特别是对寓言文体和意会方法及直觉思维进行了重点论析,然后再分述其批判社会、酷爱自由和人生创造的主体心理动态,把握庄子思想的总体特征。
●
相关链接 在E读中查询图书 在五车中查询图书 在当当中查询图书 在豆瓣中查询图书


正题名:美和自由的人生     索取号:B223.54/270         预约/预借

序号 登录号 条形码 馆藏地/架位号 状态 备注
1 0391570   203915709   第一样本阅览室/ [索取号:B223.54/270] 在馆    
2 0391571   203915718   教育系资料室/ [索取号:B223.54/270] 在馆    
3 0391572   203915727   第一借阅区/ [索取号:B223.54/270] 在馆    
4 0391573   203915736   第一借阅区/ [索取号:B223.54/270] 在馆    
5 0391574   203915745   第一借阅区/ [索取号:B223.54/270] 在馆    
唐山师范学院图书馆 欢迎您!
大连网信软件有限公司© 版权所有